00256nam a2200109Ia 4500100001400000654001600014245004600030260003500076082001500111300000800126546001200134 aBolton/W  apocket book aNewnes engineering materials pocket book bHeinemann NewnesaOxfordc1989 a620.1bBOL a194 aENGLISH